| 000 | 00487nam a22001697a 4500 | ||
|---|---|---|---|
| 003 | OSt | ||
| 005 | 20140310182505.0 | ||
| 008 | 130807t xxu||||| |||| 00| 0 eng d | ||
| 020 | _a9781926648118 | ||
| 050 |
_aRB 38.2 _b.M39 2011 |
||
| 100 |
_aMaunder, Robin R. _98845 |
||
| 245 |
_aUnderstanding laboratory tests : _ba quick reference / _cRobin Maunder. |
||
| 260 |
_aCanada : _bElsevier Inc. _c2011 |
||
| 300 |
_a240 p. ; _bill. col. ; _c16 cm. |
||
| 942 |
_2lcc _cSSLC |
||
| 999 |
_c13848 _d13848 |
||